[Event "Tata Steel Qualifier 82nd"]
[Site "Wijk aan Zee"]
[Date "2020.01.17"]
[Round "1"]
[White "De Boer, Eelke"]
[Black "Slingerland, Fred"]
[Result "0-1"]
[WhiteElo "2324"]
[BlackElo "2333"]
[PlyCount "88"]
[EventDate "2020.01.17"]
[EventType "tourn"]
[EventRounds "9"]
[EventCountry "NED"]
[EventCategory "7"]
[SourceTitle "CBM 194"]
[Source "ChessBase"]
[SourceDate "2020.01.27"]
[SourceVersion "1"]
[SourceVersionDate "2020.01.27"]
[SourceQuality "1"]

1. e4 c5 2. Nf3 d6 3. d4 cxd4 4. Nxd4 Nf6 5. Nc3 Nc6 6. Bg5 e6 7. Qd2 a6 8. 0-0-0 Bd7 9. f3 b5 10. Nxc6 Bxc6 11. Ne2 Be7 12. Nd4 Bb7 13. h4 Rc8 14. Kb1 Nd7 15. Bd3 Ne5 16. f4 Nc6 17. Bxe7 Qxe7 18. Nb3 0-0 19. c3 Rfd8 20. Qe3 b4 21. c4 a5 22. g3 a4 23. Nd4 Nxd4 24. Qxd4 e5 25. Qe3 exf4 26. gxf4 Re8 27. Rhe1 d5 28. cxd5 Bxd5 29. Qd4 Bb7 30. Rg1 g6 31. e5 Red8 32. Qe3 a3 33. f5 Qxh4 34. e6 Rxd3 35. Rxd3 Be4 36. exf7+ Kf8 37. Qd4 Rd8 38. Qxb4+ Kxf7 39. fxg6+ hxg6 40. Qb3+ Kg7 41. Rgd1 Rxd3 42. Rxd3 Qe1+ 43. Kc2 Qe2+ 44. Kc1 axb2+ 0-1

[Event "NED-ch blitz 5th"]
[Site "Amstelveen"]
[Date "2019.11.30"]
[Round "30"]
[White "Slingerland, Fred"]
[Black "Pruijssers, Roeland"]
[Result "0-1"]
[WhiteElo "2334"]
[BlackElo "2557"]
[PlyCount "86"]
[EventDate "2019.11.30"]
[EventType "swiss (blitz)"]
[EventRounds "30"]
[EventCountry "NED"]
[SourceTitle "CBM 193 Extra"]
[Source "ChessBase"]
[SourceDate "2020.01.31"]
[SourceVersion "1"]
[SourceVersionDate "2020.01.31"]
[SourceQuality "1"]

1. e4 d5 2. exd5 Qxd5 3. Nf3 Bg4 4. Be2 Nc6 5. Nc3 Qd7 6. h3 Bh5 7. g4 Bg6 8. Nh4 0-0-0 9. d3 e5 10. Be3 Nd4 11. Bf1 Be7 12. Nxg6 hxg6 13. Bg2 f5 14. Qd2 Nf6 15. g5 Nh5 16. h4 Nf4 17. Bxf4 exf4 18. 0-0-0 f3 19. Bf1 Rde8 20. Re1 Bd6 21. Rxe8+ Qxe8 22. Nd1 Qa4 23. c3 Ne6 24. Kb1 Rxh4 25. Rxh4 Qxh4 26. d4 Qxg5 27. Qxg5 Nxg5 28. Kc2 Kd7 29. Bc4 Ke7 30. Bd5 c6 31. Bc4 Bf4 32. a4 Ne4 33. Bd3 g5 34. b4 g4 35. a5 a6 36. c4 g3 37. fxg3 Nxg3 38. c5 g5 39. d5 cxd5 40. c6 bxc6 41. Bxa6 Bb8 42. Bd3 Ba7 43. Kd2 f2 0-1

[Event "Leiden op-A 12th"]
[Site "Leiden"]
[Date "2018.07.20"]
[Round "7"]
[White "Ratsma, Midas"]
[Black "Slingerland, Fred"]
[Result "1-0"]
[WhiteElo "2253"]
[BlackElo "2355"]
[PlyCount "57"]
[EventDate "2018.07.13"]
[EventType "swiss"]
[EventRounds "9"]
[EventCountry "NED"]
[SourceTitle "CBM 185 Extra"]
[Source "ChessBase"]
[SourceDate "2018.07.29"]
[SourceVersion "1"]
[SourceVersionDate "2018.07.29"]
[SourceQuality "1"]

1. e4 c5 2. Nf3 d6 3. d4 cxd4 4. Nxd4 Nf6 5. Nc3 Nc6 6. Bg5 e6 7. Qd2 a6 8. f4 h6 9. Bxf6 Qxf6 10. Nb3 g5 11. f5 g4 12. Be2 h5 13. 0-0 Qe5 14. Rad1 Bd7 15. Na4 0-0-0 16. Nb6+ Kb8 17. Nc4 Qxe4 18. Rf4 Qd5 19. Qc3 Qb5 20. Qxh8 d5 21. Kf1 Qa4 22. Qxh5 dxc4 23. Qxf7 Qxa2 24. Bxc4 Qxb2 25. fxe6 Be7 26. exd7 Rf8 27. Qxf8+ Bxf8 28. Rxf8+ Ka7 29. Nd4 1-0

[Event "Leiden op-A 12th"]
[Site "Leiden"]
[Date "2018.07.19"]
[Round "6"]
[White "Slingerland, Fred"]
[Black "Vrolijk, Liam"]
[Result "1/2-1/2"]
[WhiteElo "2355"]
[BlackElo "2419"]
[PlyCount "84"]
[EventDate "2018.07.13"]
[EventType "swiss"]
[EventRounds "9"]
[EventCountry "NED"]
[SourceTitle "CBM 185 Extra"]
[Source "ChessBase"]
[SourceDate "2018.07.29"]
[SourceVersion "1"]
[SourceVersionDate "2018.07.29"]
[SourceQuality "1"]

1. e4 e5 2. Nf3 Nc6 3. Bb5 Nf6 4. 0-0 Nxe4 5. Re1 Nd6 6. Nxe5 Be7 7. Bf1 Nxe5 8. Rxe5 0-0 9. Nc3 Ne8 10. Nd5 Bd6 11. Re1 c6 12. Ne3 Bc7 13. Nf5 d5 14. Ne7+ Kh8 15. Nxc8 Rxc8 16. Qf3 f5 17. d3 Qd7 18. Qe3 Nf6 19. Qe7 Qxe7 20. Rxe7 Rfe8 21. Rxe8+ Rxe8 22. Bd2 Ng4 23. g3 Kg8 24. Re1 Rxe1 25. Bxe1 Kf7 26. Bg2 Ke6 27. h3 Nf6 28. Bd2 Be5 29. b3 Bc7 30. Kf1 Bb6 31. Ke2 Bd4 32. c3 Be5 33. c4 Bd4 34. Be3 Bxe3 35. Kxe3 Ke5 36. d4+ Ke6 37. Kf4 h6 38. h4 g6 39. cxd5+ cxd5 40. Bf3 Nh7 41. Ke3 Nf6 42. Kf4 Nh7 1/2-1/2

[Event "Leiden LCT op-A 11th"]
[Site "Leiden"]
[Date "2017.07.18"]
[Round "5"]
[White "Slingerland, Fred"]
[Black "Nijboer, Friso"]
[Result "1/2-1/2"]
[WhiteElo "2335"]
[BlackElo "2528"]
[PlyCount "110"]
[EventDate "2017.07.14"]
[EventType "swiss"]
[EventRounds "9"]
[EventCountry "NED"]
[SourceTitle "CBM 179 Extra"]
[Source "ChessBase"]
[SourceDate "2017.08.23"]
[SourceVersion "1"]
[SourceVersionDate "2017.08.23"]
[SourceQuality "1"]

1. e4 e6 2. d4 d5 3. Nc3 Nf6 4. Bg5 Bb4 5. exd5 Qxd5 6. Bxf6 Bxc3+ 7. bxc3 gxf6 8. Qg4 Qa5 9. Ne2 Bd7 10. Qg7 Rf8 11. Qxf6 Bc6 12. Qe5 Qxe5 13. dxe5 Nd7 14. f4 0-0-0 15. Nd4 Bd5 16. c4 Be4 17. 0-0-0 Nc5 18. Nb3 Rxd1+ 19. Kxd1 Rd8+ 20. Kc1 Na4 21. Nd2 Bc6 22. Bd3 Nc5 23. Be2 Bxg2 24. Rg1 Bh3 25. Bg4 Bxg4 26. Rxg4 Kd7 27. Rg7 Ke7 28. Rxh7 Rd4 29. Rh4 Na4 30. Rg4 Nc3 31. a3 Rxf4 32. Rxf4 Ne2+ 33. Kd1 Nxf4 34. Nf3 f6 35. exf6+ Kxf6 36. Kd2 e5 37. Ke3 Ne6 38. h4 c6 39. Nd2 Nd4 40. Kd3 Nf5 41. h5 Nh6 42. Ne4+ Kf5 43. Nd6+ Kf4 44. Nxb7 e4+ 45. Ke2 Nf5 46. Ke1 Kg5 47. Nc5 Nd6 48. Ke2 Kxh5 49. Ke3 Nxc4+ 50. Kxe4 Nxa3 51. c3 Nb5 52. Ke5 Nxc3 53. Kd6 a5 54. Kxc6 a4 55. Nxa4 Nxa4 1/2-1/2

[Event "Leiden Noteboom Memorial 77th"]
[Site "Leiden"]
[Date "2017.02.25"]
[Round "3"]
[White "Pijpers, Arthur"]
[Black "Slingerland, Fred"]
[Result "1-0"]
[WhiteElo "2445"]
[BlackElo "2323"]
[PlyCount "219"]
[EventDate "2017.02.24"]
[EventType "swiss"]
[EventRounds "6"]
[EventCountry "NED"]
[SourceTitle "CBM 177 Extra"]
[Source "ChessBase"]
[SourceDate "2017.04.27"]
[SourceVersion "1"]
[SourceVersionDate "2017.04.27"]
[SourceQuality "1"]

1. e4 c5 2. Nf3 d6 3. d4 cxd4 4. Nxd4 Nf6 5. Nc3 Nc6 6. Be2 g6 7. Be3 Bg7 8. Qd2 Ng4 9. Bxg4 Bxg4 10. Nd5 0-0 11. 0-0 Nxd4 12. Bxd4 Bxd4 13. Qxd4 Be6 14. Rfe1 Bxd5 15. exd5 Qc7 16. c3 Rfe8 17. Re4 Qc5 18. Qd2 e5 19. dxe6 Rxe6 20. Rxe6 fxe6 21. Qe2 Re8 22. Rd1 b5 23. Qe4 Re7 24. h3 Kg7 25. Rd4 a5 26. a3 Qb6 27. Qe2 Qc5 28. Qe4 Qb6 29. Qg4 Qc7 30. Rd3 Qc5 31. Qg3 Rd7 32. Rd4 Qc7 33. Qe3 e5 34. Rd5 Qc4 35. Qd2 Qb3 36. Rxe5 dxe5 37. Qxd7+ Kf6 38. Qd6+ Kf5 39. Qf8+ Kg5 40. h4+ Kh5 41. Qf3+ Kxh4 42. Qg3+ Kh5 43. Qxe5+ Kh6 44. Qe3+ Kg7 45. Qd4+ Kh6 46. Qd2+ Kg7 47. g3 h5 48. Kg2 Kh7 49. Qd7+ Kh6 50. Qd2+ Kh7 51. Kg1 Kg7 52. Qd4+ Kh7 53. Qd7+ Kh6 54. Qd2+ Kh7 55. Kh2 Kg7 56. Qe2 Kh7 57. Kh3 Qd5 58. Qe7+ Kh6 59. Qe3+ Kh7 60. Kh2 Qb3 61. Qe2 Kh6 62. f4 Qd5 63. Qe3 Qf5 64. Qd2 Kh7 65. Qe2 h4 66. Qe7+ Kg8 67. Qxh4 Qc2+ 68. Kh3 Qxb2 69. Qd8+ Kh7 70. Qxa5 Qe2 71. Qa7+ Kh6 72. Qd4 Qf1+ 73. Kh2 Qe2+ 74. Kh3 Qf1+ 75. Kh2 Qe2+ 76. Kg1 Qe1+ 77. Kg2 Qe2+ 78. Qf2 Qe4+ 79. Kh2 Qd3 80. Qb2 Kh7 81. Kg2 Qd5+ 82. Kf2 Qc5+ 83. Kf3 Qd5+ 84. Ke3 Qc5+ 85. Kd3 Qc4+ 86. Kd2 Qd5+ 87. Ke3 Qc5+ 88. Kf3 Qd5+ 89. Kf2 Qc5+ 90. Kf1 Qc4+ 91. Ke1 Qc5 92. Kf1 Qc4+ 93. Ke1 Qc5 94. Qb4 Qg1+ 95. Kd2 Qf2+ 96. Kd1 Qf1+ 97. Kc2 Qe2+ 98. Kb1 Qd1+ 99. Ka2 Qd5+ 100. Qb3 Qd2+ 101. Qb2 Qd5+ 102. Ka1 Qd3 103. Qh2+ Kg7 104. Kb2 Qd5 105. Qf2 Kh6 106. g4 Kh7 107. f5 Qc6 108. f6 Kg8 109. g5 Qe4 110. Qd2 1-0

[Event "Remco Heite op 5th"]
[Site "Wolvega"]
[Date "2014.11.16"]
[Round "8"]
[White "Bok, Benjamin"]
[Black "Slingerland, Fred"]
[Result "1/2-1/2"]
[WhiteElo "2575"]
[BlackElo "2315"]
[PlyCount "106"]
[EventDate "2014.11.15"]
[EventType "swiss"]
[EventRounds "9"]
[EventCountry "NED"]
[SourceTitle "EXT 2015"]
[Source "ChessBase"]
[SourceDate "2014.11.20"]
[SourceVersion "1"]
[SourceVersionDate "2014.11.20"]
[SourceQuality "1"]

1. e4 c5 2. Nf3 d6 3. Bb5+ Bd7 4. Bxd7+ Qxd7 5. c4 Nc6 6. Nc3 Nf6 7. d4 cxd4 8. Nxd4 g6 9. f3 Nxd4 10. Qxd4 Bg7 11. Qd3 0-0 12. 0-0 Rfc8 13. Be3 a6 14. a4 Qe6 15. b3 Nd7 16. Rae1 Bxc3 17. Qxc3 b5 18. axb5 axb5 19. Ra1 Rxa1 20. Rxa1 bxc4 21. Rc1 f6 22. Bd4 Kf7 23. Qb4 Rb8 24. Qxc4 Rxb3 25. Qa4 Rb7 26. h3 Ne5 27. Qa8 Rb4 28. Be3 Kg7 29. Rc7 Rc4 30. Bh6+ Kxh6 31. Qf8+ Kg5 32. Rxe7 Nxf3+ 33. Kf2 Rc8 34. Rxe6 Rxf8 35. Kxf3 Rd8 36. g3 f5 37. h4+ Kh5 38. exf5 gxf5 39. Rf6 d5 40. Rxf5+ Kg6 41. Rf4 h6 42. Ke3 Ra8 43. g4 Ra3+ 44. Kd4 Ra4+ 45. Ke5 Ra5 46. Rd4 Ra1 47. Rxd5 Rf1 48. Rd6+ Kg7 49. Rd4 Kg6 50. Rf4 Rh1 51. Rf6+ Kg7 52. Ra6 Rxh4 53. Kf5 Rh1 1/2-1/2

[Event "Leiden op-A 8th"]
[Site "Leiden"]
[Date "2014.07.13"]
[Round "3"]
[White "Thakoerdien, Jerrel"]
[Black "Slingerland, Fred"]
[Result "1-0"]
[WhiteElo "2115"]
[BlackElo "2328"]
[PlyCount "73"]
[EventDate "2014.07.11"]
[EventType "swiss"]
[EventRounds "9"]
[EventCountry "NED"]
[SourceTitle "CBM 161 Extra"]
[Source "ChessBase"]
[SourceDate "2014.08.29"]
[SourceVersion "1"]
[SourceVersionDate "2014.08.29"]
[SourceQuality "1"]

1. d4 d5 2. Nf3 Nf6 3. c4 dxc4 4. e3 e6 5. Bxc4 c5 6. Qe2 Nc6 7. 0-0 a6 8. dxc5 Bxc5 9. e4 Qc7 10. e5 Nd7 11. Bf4 b5 12. Bd3 Bb7 13. Nbd2 Nd4 14. Nxd4 Bxd4 15. Rfe1 Nc5 16. Rac1 Qb6 17. Bb1 0-0 18. b4 Na4 19. Nb3 Rfd8 20. Bg5 Rd5 21. Nxd4 Qxd4 22. Qh5 g6 23. Qh6 Rxe5 24. Rxe5 Qxe5 25. Qh4 Nc3 26. Bf6 Qd5 27. f3 Ne2+ 28. Kf2 Qd2 29. Rc2 Qd1 30. Rxe2 h5 31. Be4 Bxe4 32. Qxe4 Rc8 33. Bb2 Kf8 34. Qd4 Qxd4+ 35. Bxd4 Rc4 36. Rd2 Ke8 37. Bf6 1-0

[Event "Delft Prinsenstad op-A 7th"]
[Site "Delft"]
[Date "2014.04.19"]
[Round "3"]
[White "Admiraal, Miguoel"]
[Black "Slingerland, Fred"]
[Result "1/2-1/2"]
[WhiteElo "2333"]
[BlackElo "2330"]
[PlyCount "134"]
[EventDate "2014.04.18"]
[EventType "swiss"]
[EventRounds "6"]
[EventCountry "NED"]
[SourceTitle "CBM 159 Extra"]
[Source "ChessBase"]
[SourceDate "2014.04.24"]
[SourceVersion "1"]
[SourceVersionDate "2014.04.24"]
[SourceQuality "1"]

1. d4 d5 2. Nf3 Nf6 3. e3 Bg4 4. c4 e6 5. Qb3 Qc8 6. Ne5 Bf5 7. cxd5 exd5 8. Nc3 c6 9. f3 Nbd7 10. g4 Be6 11. Nxd7 Qxd7 12. Bd2 Be7 13. 0-0-0 g5 14. Bd3 h5 15. gxh5 Rxh5 16. Ne2 0-0-0 17. Ng3 Rh3 18. Bf1 Rh4 19. Qa4 Kb8 20. Qc2 Bd6 21. Bd3 Rdh8 22. Nf5 Bxf5 23. Bxf5 Qe7 24. h3 Nh5 25. Kb1 Ng3 26. Rhg1 Nxf5 27. Qxf5 Rxh3 28. Rxg5 Rxf3 29. Qxf3 Qxg5 30. Qxf7 Qg4 31. Rc1 Qe4+ 32. Ka1 Rf8 33. Qd7 Bc7 34. Ba5 Rc8 35. Bxc7+ Rxc7 36. Qd8+ Rc8 37. Qd6+ Ka8 38. Qh6 a6 39. a3 Ka7 40. Ka2 Rg8 41. Qd6 Rc8 42. Rc3 Qe8 43. Rb3 Qd8 44. Qh6 Qd7 45. Qf6 Re8 46. Qg6 Re6 47. Qf5 Qe7 48. Qf4 Re4 49. Qh6 Rh4 50. Qg6 Rh1 51. Qg2 Qh7 52. Rc3 Qb1+ 53. Kb3 Rc1 54. Rxc1 Qxc1 55. Qe2 b5 56. Qd3 Kb6 57. Qc3 Qxc3+ 58. Kxc3 a5 59. b3 Kc7 60. Kd3 Kd6 61. e4 dxe4+ 62. Kxe4 Ke6 63. a4 Kd6 64. Ke3 Kd5 65. Kd3 bxa4 66. bxa4 c5 67. dxc5 Kxc5 1/2-1/2

[Event "Delft Prinsenstad op-A 7th"]
[Site "Delft"]
[Date "2014.04.19"]
[Round "4"]
[White "Slingerland, Fred"]
[Black "Kazarian, Anna Maja"]
[Result "1-0"]
[WhiteElo "2330"]
[BlackElo "2031"]
[PlyCount "145"]
[EventDate "2014.04.18"]
[EventType "swiss"]
[EventRounds "6"]
[EventCountry "NED"]
[SourceTitle "CBM 159 Extra"]
[Source "ChessBase"]
[SourceDate "2014.04.24"]
[SourceVersion "1"]
[SourceVersionDate "2014.04.24"]
[SourceQuality "1"]

1. e4 e6 2. d4 d5 3. Nc3 Nf6 4. Bg5 dxe4 5. Nxe4 Nbd7 6. Nf3 Be7 7. Nxf6+ Bxf6 8. Bxf6 Qxf6 9. Bd3 c5 10. c3 cxd4 11. Nxd4 0-0 12. 0-0 e5 13. Nb3 Nb6 14. Qc2 h6 15. Bh7+ Kh8 16. Be4 Qe7 17. g3 f5 18. Bg2 Be6 19. Rad1 Rad8 20. Na5 Bd5 21. Bxd5 Nxd5 22. Rfe1 f4 23. Nc4 fxg3 24. hxg3 e4 25. Rxe4 Qg5 26. Ne5 Qf5 27. Rde1 Nf6 28. R4e2 Qxc2 29. Rxc2 Kg8 30. Rce2 Rfe8 31. Kg2 Nd7 32. Nxd7 Rxe2 33. Rxe2 Rxd7 34. Re8+ Kf7 35. Rb8 Ke6 36. Kf3 Kd5 37. b3 Rf7+ 38. Ke3 Re7+ 39. Kd3 Rf7 40. f4 g5 41. Rd8+ Ke6 42. Ke4 gxf4 43. gxf4 Rh7 44. f5+ Ke7 45. Rd3 h5 46. Ke5 Rh6 47. Kf4 Rh8 48. Ke5 Rh6 49. Re3 h4 50. Kf4+ Kf7 51. Kg5 Rh8 52. Rh3 Rg8+ 53. Kxh4 Kf6 54. Rg3 Re8 55. Kg4 Re4+ 56. Kf3 Re5 57. Rg6+ Kxf5 58. Rg7 Ra5 59. Rxb7 Rxa2 60. Ke3 Ke5 61. Kd3 Kd5 62. c4+ Kc6 63. Rh7 Kb6 64. Rh6+ Kb7 65. b4 Rg2 66. b5 Ra2 67. Kd4 a6 68. Rxa6 Rxa6 69. bxa6+ Kxa6 70. Kd5 Kb7 71. Kd6 Kc8 72. Kc6 Kb8 73. Kd7 1-0

[Event "Delft Prinsenstad op-A 7th"]
[Site "Delft"]
[Date "2014.04.18"]
[Round "1"]
[White "Slingerland, Fred"]
[Black "Oosterom, Erik"]
[Result "1/2-1/2"]
[WhiteElo "2330"]
[BlackElo "2092"]
[PlyCount "126"]
[EventDate "2014.04.18"]
[EventType "swiss"]
[EventRounds "6"]
[EventCountry "NED"]
[SourceTitle "CBM 159 Extra"]
[Source "ChessBase"]
[SourceDate "2014.04.24"]
[SourceVersion "1"]
[SourceVersionDate "2014.04.24"]
[SourceQuality "1"]

1. e4 c6 2. d4 d5 3. Nc3 dxe4 4. Nxe4 Nd7 5. Nf3 Ngf6 6. Nxf6+ Nxf6 7. c3 Bg4 8. h3 Bxf3 9. Qxf3 e6 10. Bc4 Bd6 11. 0-0 0-0 12. Bg5 Be7 13. Rad1 Nd5 14. Bc1 Bg5 15. Rfe1 Bxc1 16. Rxc1 Qf6 17. Qe4 Rad8 18. Bd3 Qg6 19. Qxg6 hxg6 20. Be4 Rfe8 21. Bf3 Nf4 22. Rcd1 g5 23. Kh2 Ng6 24. g3 Re7 25. Be4 f5 26. Bf3 Kf7 27. Kg2 Kf6 28. Re3 Nh8 29. Rde1 Nf7 30. Bd1 Nd6 31. Bb3 Rde8 32. Rd1 Ne4 33. f3 Nd6 34. c4 Nf7 35. c5 Rd7 36. Bc4 g6 37. b4 a6 38. a4 Nd8 39. b5 axb5 40. axb5 Rde7 41. Ra3 Nf7 42. Ra7 Rd8 43. Kf2 Rh8 44. Bf1 Rd8 45. Bc4 Rh8 46. bxc6 bxc6 47. Rxe7 Kxe7 48. Re1 Nd8 49. Kg2 Kf6 50. Ra1 Rh7 51. Ra4 Rd7 52. Bb3 Rb7 53. Bc4 Rd7 54. Ba2 e5 55. d5 cxd5 56. Ra6+ Kf7 57. c6 Rc7 58. Bxd5+ Ke7 59. g4 Kd6 60. Ra8 Nxc6 61. Bxc6 Rxc6 62. gxf5 gxf5 63. Rg8 Ke7 1/2-1/2

[Event "Leiden Noteboom Memorial 74th"]
[Site "Leiden"]
[Date "2014.03.01"]
[Round "3"]
[White "Kipper, Jens"]
[Black "Slingerland, Fred"]
[Result "1-0"]
[WhiteElo "2389"]
[BlackElo "2323"]
[PlyCount "89"]
[EventDate "2014.02.28"]
[EventType "swiss"]
[EventRounds "6"]
[EventCountry "NED"]
[SourceTitle "CBM 159 Extra"]
[Source "ChessBase"]
[SourceDate "2014.04.24"]
[SourceVersion "1"]
[SourceVersionDate "2014.04.24"]
[SourceQuality "1"]

1. Nf3 Nf6 2. c4 c5 3. Nc3 g6 4. d4 cxd4 5. Nxd4 Nc6 6. e4 d6 7. Be2 Bg7 8. Be3 0-0 9. 0-0 a6 10. Qd2 Ng4 11. Bxg4 Bxg4 12. f4 Bd7 13. Rad1 Rc8 14. b3 Re8 15. Qf2 Qa5 16. Nd5 e6 17. Nxc6 Bxc6 18. b4 Qa3 19. Bc1 Qa4 20. Nb6 Qxb4 21. Nxc8 Rxc8 22. e5 dxe5 23. fxe5 Be8 24. Bf4 Bf8 25. Rb1 Qe7 26. Rfc1 Qc7 27. Be3 Bc6 28. Bd4 Be4 29. Rb3 b5 30. c5 Qc6 31. a4 Bd5 32. axb5 axb5 33. Ra3 Rc7 34. h3 Bc4 35. Rca1 Bxc5 36. Ra8+ Bf8 37. Rd8 Bd5 38. Be3 Rd7 39. Rb8 Qc7 40. Rxf8+ Kxf8 41. Qf6 Rd8 42. Ra7 Bb7 43. Qh8+ Ke7 44. Bg5+ Kd7 45. Qxd8+ 1-0

[Event "Hoogeveen Unive op 17th"]
[Site "Hoogeveen"]
[Date "2013.10.24"]
[Round "7"]
[White "Slingerland, Fred"]
[Black "Baskin, Robert"]
[Result "1/2-1/2"]
[WhiteElo "2345"]
[BlackElo "2179"]
[PlyCount "48"]
[EventDate "2013.10.18"]
[EventType "swiss"]
[EventRounds "9"]
[EventCountry "NED"]
[SourceTitle "EXT 2014"]
[Source "ChessBase"]
[SourceDate "2013.11.20"]
[SourceVersion "1"]
[SourceVersionDate "2013.11.20"]
[SourceQuality "1"]

1. e4 c5 2. Nf3 d6 3. d4 cxd4 4. Nxd4 Nf6 5. Nc3 a6 6. Be2 e5 7. Nb3 Be7 8. Bg5 Be6 9. Bxf6 Bxf6 10. Qd3 Nc6 11. 0-0 0-0 12. Nd5 Bg5 13. c3 Ne7 14. Nxe7+ Qxe7 15. Rad1 Rfd8 16. Bf3 Rac8 17. Rfe1 Qc7 18. g3 g6 19. h4 Bh6 20. Kg2 b5 21. Qb1 a5 22. Nd2 Bxd2 23. Rxd2 Qb6 24. Red1 Rc6 1/2-1/2

[Event "Hoogeveen Unive op 17th"]
[Site "Hoogeveen"]
[Date "2013.10.21"]
[Round "4"]
[White "Slingerland, Fred"]
[Black "Sachdev, Tania"]
[Result "1/2-1/2"]
[WhiteElo "2345"]
[BlackElo "2438"]
[PlyCount "49"]
[EventDate "2013.10.18"]
[EventType "swiss"]
[EventRounds "9"]
[EventCountry "NED"]
[SourceTitle "EXT 2014"]
[Source "ChessBase"]
[SourceDate "2013.11.20"]
[SourceVersion "1"]
[SourceVersionDate "2013.11.20"]
[SourceQuality "1"]

1. e4 e5 2. Nf3 Nc6 3. Bb5 Nge7 4. Nc3 g6 5. d4 exd4 6. Nd5 Nxd5 7. exd5 Qe7+ 8. Kf1 Ne5 9. Nxe5 Qxe5 10. Qf3 Be7 11. Bf4 Qf6 12. Re1 0-0 13. Bxc7 Qxf3 14. gxf3 Bb4 15. c3 dxc3 16. a3 Bc5 17. b4 Bd4 18. Bd6 Rd8 19. Bc7 Rf8 20. Bd6 Rd8 21. Kg2 b6 22. Bc7 Rf8 23. Bd6 Rd8 24. Bc7 Rf8 25. Bd6 1/2-1/2

[Event "Hoogeveen Unive op 17th"]
[Site "Hoogeveen"]
[Date "2013.10.19"]
[Round "2"]
[White "Van Wageningen, Arie"]
[Black "Slingerland, Fred"]
[Result "1/2-1/2"]
[WhiteElo "2036"]
[BlackElo "2345"]
[PlyCount "196"]
[EventDate "2013.10.18"]
[EventType "swiss"]
[EventRounds "9"]
[EventCountry "NED"]
[SourceTitle "EXT 2014"]
[Source "ChessBase"]
[SourceDate "2013.11.20"]
[SourceVersion "1"]
[SourceVersionDate "2013.11.20"]
[SourceQuality "1"]

1. Nf3 Nf6 2. d4 d5 3. c4 dxc4 4. Qa4+ Nbd7 5. Nc3 e6 6. Bg5 Be7 7. e3 0-0 8. Qxc4 c5 9. dxc5 Nxc5 10. Be2 a6 11. Rd1 Qe8 12. Bxf6 gxf6 13. 0-0 b5 14. Qh4 Kh8 15. b4 Nd7 16. Ne4 Rg8 17. Rxd7 Bxd7 18. Nxf6 Bxf6 19. Qxf6+ Rg7 20. Ne5 Kg8 21. Bf3 Ra7 22. Rd1 Kf8 23. h4 Qe7 24. Qf4 Be8 25. Bc6 f5 26. e4 Rc7 27. exf5 exf5 28. Qxf5+ Kg8 29. Bxe8 Qxe8 30. Qf6 Rc8 31. Qxa6 Rgc7 32. Qf6 Qe7 33. Qf4 Re8 34. Nf3 Rf8 35. Qd2 Kh8 36. Ng5 Qf6 37. Nf3 Rg7 38. Ng5 h6 39. Ne4 Qxh4 40. Ng3 Qg5 41. Qd6 Rf6 42. Qd8+ Rg8 43. Qd4 Qg7 44. Qe4 Qg4 45. Qd5 Rff8 46. Rd4 Qg5 47. Qb3 Qf6 48. Qe3 Re8 49. Ne4 Qg6 50. g3 Re6 51. Qc3 Qg7 52. Qd2 Rge8 53. Nc5 Re1+ 54. Kg2 R1e2 55. Qd3 Qh7 56. Qf3 R2e7 57. Rd6 Rf7 58. Qc3+ Kg8 59. Qd2 Ref8 60. f4 Rf6 61. Qd5+ Qf7 62. Ne4 Rxd6 63. Qxd6 Qxa2+ 64. Kh3 Qf7 65. Kg2 Qf5 66. Qd4 Qg6 67. Qd5+ Kh7 68. Kf3 Rf5 69. Qd7+ Qf7 70. Qc6 Qh5+ 71. g4 Qh1+ 72. Ke2 Qg2+ 73. Ke3 Qg1+ 74. Nf2 Qe1+ 75. Kf3 Rf7 76. Qxb5 Rxf4+ 77. Kxf4 Qxf2+ 78. Ke5 Qg2 79. Kf6 Qxg4 80. Kf7 Qg6+ 81. Kf8 Qg7+ 82. Ke8 Qg8+ 83. Ke7 Qg7+ 84. Ke6 Qg6+ 85. Kd5 Qg4 86. Qd3+ Kg8 87. Qe4 Qd7+ 88. Kc4 Qc7+ 89. Kb3 Qb6 90. Qe5 Qg6 91. b5 h5 92. Qd5+ Kh7 93. Qd7+ Kh6 94. Qc6 h4 95. Qxg6+ Kxg6 96. b6 h3 97. b7 h2 98. b8Q h1Q 1/2-1/2

[Event "Hoogeveen Unive op 17th"]
[Site "Hoogeveen"]
[Date "2013.10.18"]
[Round "1"]
[White "Slingerland, Fred"]
[Black "Stavast, Dick"]
[Result "1-0"]
[WhiteElo "2345"]
[BlackElo "2088"]
[PlyCount "51"]
[EventDate "2013.10.18"]
[EventType "swiss"]
[EventRounds "9"]
[EventCountry "NED"]
[SourceTitle "EXT 2014"]
[Source "ChessBase"]
[SourceDate "2013.11.20"]
[SourceVersion "1"]
[SourceVersionDate "2013.11.20"]
[SourceQuality "1"]

1. e4 e5 2. Nf3 d6 3. d4 exd4 4. Nxd4 Nf6 5. Nc3 Be7 6. Bc4 0-0 7. 0-0 Re8 8. Re1 Nbd7 9. Bf4 Bf8 10. Nf3 Nc5 11. e5 Be6 12. Bb5 c6 13. exf6 cxb5 14. Nxb5 Qb6 15. Nfd4 a6 16. fxg7 Bxg7 17. Nxd6 Red8 18. Nxe6 Nxe6 19. Bg3 Rd7 20. Qd5 Nc7 21. Qd3 Qc6 22. Qa3 Rad8 23. Nf5 Qxc2 24. Nxg7 Kxg7 25. Be5+ Kg8 26. Qg3+ 1-0

[Event "Leiden LCT op-A 7th"]
[Site "Leiden"]
[Date "2013.07.21"]
[Round "9"]
[White "Slingerland, Fred"]
[Black "Lecomte, Robin"]
[Result "1-0"]
[WhiteElo "2350"]
[BlackElo "1930"]
[PlyCount "77"]
[EventDate "2013.07.12"]
[EventType "swiss"]
[EventRounds "9"]
[EventCountry "NED"]
[SourceTitle "CBM 155 Extra"]
[Source "ChessBase"]
[SourceDate "2013.08.26"]
[SourceVersion "1"]
[SourceVersionDate "2013.08.26"]
[SourceQuality "1"]

1. e4 c5 2. Nf3 Nc6 3. d4 cxd4 4. Nxd4 g6 5. Nc3 Bg7 6. Be3 Nf6 7. Bc4 0-0 8. Bb3 Qa5 9. f3 d6 10. Qd2 Bd7 11. 0-0-0 Nxd4 12. Bxd4 b5 13. h4 b4 14. Bxf6 bxc3 15. Bxc3 Bxc3 16. Qxc3 Qxc3 17. bxc3 Bb5 18. Rd5 a6 19. Kd2 Rfc8 20. a4 Bc6 21. Ra5 Rc7 22. Rb1 Bb7 23. Bd5 Bxd5 24. exd5 Rac8 25. Rxa6 Rxc3 26. Rc6 R3xc6 27. dxc6 Rxc6 28. a5 Kf8 29. Rb6 Rc5 30. a6 Ra5 31. Kc3 Ra1 32. Kc4 Ke8 33. Kb5 Kd7 34. Rb7+ Ke6 35. a7 Kd5 36. c4+ Kd4 37. Rxe7 h5 38. Rxf7 Ke3 39. Kc6 1-0

[Event "Leiden LCT op-A 7th"]
[Site "Leiden"]
[Date "2013.07.15"]
[Round "4"]
[White "Slingerland, Fred"]
[Black "Nikolic, Predrag"]
[Result "1/2-1/2"]
[WhiteElo "2350"]
[BlackElo "2622"]
[PlyCount "108"]
[EventDate "2013.07.12"]
[EventType "swiss"]
[EventRounds "9"]
[EventCountry "NED"]
[SourceTitle "CBM 155 Extra"]
[Source "ChessBase"]
[SourceDate "2013.08.26"]
[SourceVersion "1"]
[SourceVersionDate "2013.08.26"]
[SourceQuality "1"]

1. e4 e6 2. d4 d5 3. Nc3 Bb4 4. e5 c5 5. Bd2 cxd4 6. Nb5 Bc5 7. b4 Bf8 8. Nxd4 Ne7 9. Ngf3 Nbc6 10. Bd3 Bd7 11. Qe2 a5 12. c3 axb4 13. cxb4 Qb6 14. Nb5 Ng6 15. 0-0 Be7 16. a4 0-0 17. a5 Qd8 18. Rfb1 f6 19. Bxg6 hxg6 20. Bc3 g5 21. exf6 Bxf6 22. Bxf6 Qxf6 23. h3 Ne7 24. Nd6 Ng6 25. Nxb7 e5 26. Qe3 e4 27. Nc5 Bc8 28. Nxg5 Nf4 29. h4 Bg4 30. Ra2 Rae8 31. a6 d4 32. Qb3+ Kh8 33. Ncxe4 Qg6 34. f3 d3 35. Re1 Be6 36. Nxe6 Rxe6 37. a7 Ra8 38. g4 Ne2+ 39. Raxe2 dxe2 40. h5 Qe8 41. Qd3 Qe7 42. Rxe2 Rxa7 43. Rc2 Ra8 44. Kg2 Rd8 45. Qc4 Re5 46. Qc3 Rxe4 47. fxe4 Qxe4+ 48. Kh2 Qxg4 49. h6 Qf4+ 50. Qg3 Qxh6+ 51. Qh3 Qxh3+ 52. Kxh3 Rd3+ 53. Kg2 Rb3 54. Rc4 Kh7 1/2-1/2